MARC details
| 000 -CABECERA |
| campo de control de longitud fija |
02466cam a2200313 a 4500 |
| 001 - NÚMERO DE CONTROL |
| campo de control |
000002901 |
| 003 - IDENTIFICADOR DEL NÚMERO DE CONTROL |
| campo de control |
DO-SdBNP |
| 005 - FECHA Y HORA DE LA ÚLTIMA TRANSACCIÓN |
| campo de control |
20220721122115.0 |
| 008 - DATOS DE LONGITUD FIJA--INFORMACIÓN GENERAL |
| campo de control de longitud fija |
010115s1999 mx a 001 p spa |
| 020 ## - NÚMERO INTERNACIONAL ESTÁNDAR DEL LIBRO |
| Número Internacional Estándar del Libro |
968625983X |
| 040 ## - FUENTE DE LA CATALOGACIÓN |
| Centro catalogador/agencia de origen |
DO-SdBNP |
| Lengua de catalogación |
spa |
| Centro/agencia transcriptor |
BNPHU |
| 082 ## - NÚMERO DE LA CLASIFICACIÓN DECIMAL DEWEY |
| Número de clasificación |
M861.4 |
| Número de documento/Ítem |
C569a |
| 245 00 - MENCIÓN DE TÍTULO |
| Título |
100 años de poesía en Aguascalientes : |
| Resto del título |
50 poetas / |
| Mención de responsabilidad, etc. |
selección, introducción y notas, María del Carmen Arellano Olivas ... [et al.]. |
| 246 3# - FORMA VARIANTE DE TÍTULO |
| Título propio/Titulo breve |
Cien años de poesía en Aguascalientes |
| 260 ## - PUBLICACIÓN, DISTRIBUCIÓN, ETC. |
| Lugar de publicación, distribución, etc. |
Aguascalientes, Mexico : |
| Nombre del editor, distribuidor, etc. |
Universidad Autónoma de Aguascalientes, |
| Fecha de publicación, distribución, etc. |
1999. |
| 300 ## - DESCRIPCIÓN FÍSICA |
| Extensión |
238 p. : |
| Otras características físicas |
ils. ; |
| Dimensiones |
23 cm. |
| 504 ## - NOTA DE BIBLIOGRAFÍA, ETC. |
| Nota de bibliografía, etc. |
Bibliografías : p. 227-234 |
| 505 0# - NOTA DE CONTENIDO CON FORMATO |
| Nota de contenido con formato |
Desiderio Macías Silva -- Enrique Fernández Ledesma -- Ricardo Esquer -- Alejandro Sandoval -- Juan Carlos Quiroz -- Carolina Castro Padilla -- Josefina Esparza -- Antonio Esparza -- Mario Mora Barba -- Luis Avelar González -- Jorge Antonio Villalobos -- Miguel Ángel Méndez -- Miguel Ángel Sahagún -- Victor Sandoval -- Dolores Castro -- Salvador Gallardo (hijo) -- Rubén Chávez -- Salvador Gallardo Cabrera -- Benjamín Valdivia -- Rosa Luz de Luna -- Socorro Noemí D. Macías -- Roberto Quiroz Benítez -- Patricia González Richmond -- Eudoro Fonseca Yerena -- Sofia Ramírez -- Salvador Gallardo Dávalos -- |
| 505 0# - NOTA DE CONTENIDO CON FORMATO |
| Nota de contenido con formato |
Arnulfo d'Luna -- Eduardo López -- Carlos López Moctezuma -- Agustín Lascazas -- Rodolfo Meza -- Oscar Santos -- Eduardo J. Correa -- Juan Pablo de Ávila -- Fabian Muñoz -- Jorge Alfonso Chávez Gallo -- Armando Quiroz Benítez -- Arlette Luévano Díaz -- Patricia Ortíz -- Jesús Reyes Ruiz -- Humberto Brand Sánchez -- José de Jesús Lara Huerta -- Edmundo Games Orozco -- Guillermo García Varela -- Ricardo Orozco -- Jorge Castillo -- Juan Manuel Aranda Mata -- Elisa Guerra -- Liliana Ramírez -- Eduardo J. Correa -- Armando Alonso de Alba -- Antonio Esparza -- Carolina Castro Padilla -- Oscar Santos -- Dolores Castro -- Patricia González Richmond -- Jorge Castillo -- Benjamín Valdivia. |
| 650 #4 - PUNTO DE ACCESO ADICIONAL DE MATERIA--TÉRMINO DE MATERIA |
| Término de materia o nombre geográfico como elemento de entrada |
Poesía mexicana |
| Subdivisión general |
Colecciones |
| 9 (RLIN) |
8097 |
| 650 #4 - PUNTO DE ACCESO ADICIONAL DE MATERIA--TÉRMINO DE MATERIA |
| Término de materia o nombre geográfico como elemento de entrada |
Poesía mexicana |
| Subdivisión geográfica |
Aguascalientes |
| 9 (RLIN) |
9215 |
| 650 #4 - PUNTO DE ACCESO ADICIONAL DE MATERIA--TÉRMINO DE MATERIA |
| Término de materia o nombre geográfico como elemento de entrada |
Literatura mexicana |
| Subdivisión cronológica |
SIGLO XX |
| 9 (RLIN) |
9216 |
| 650 #4 - PUNTO DE ACCESO ADICIONAL DE MATERIA--TÉRMINO DE MATERIA |
| Término de materia o nombre geográfico como elemento de entrada |
Literatura latinoamericana |
| Subdivisión cronológica |
SIGLO XX |
| 9 (RLIN) |
203 |
| 700 12 - PUNTO DE ACCESO ADICIONAL--NOMBRE DE PERSONA |
| Nombre de persona |
Arellano Olivas, María del Carmen |
| 9 (RLIN) |
9217 |
| 700 12 - PUNTO DE ACCESO ADICIONAL--NOMBRE DE PERSONA |
| Nombre de persona |
Giacinti Comte, Alicia |
| 9 (RLIN) |
9218 |
| 700 12 - PUNTO DE ACCESO ADICIONAL--NOMBRE DE PERSONA |
| Nombre de persona |
Ramírez Carballo, Yolanda |
| 9 (RLIN) |
9219 |
| 700 12 - PUNTO DE ACCESO ADICIONAL--NOMBRE DE PERSONA |
| Nombre de persona |
Sandoval Cornejo, Martha Lilia |
| 9 (RLIN) |
9220 |
| 942 ## - ELEMENTOS DE PUNTO DE ACCESO ADICIONAL (KOHA) |
| Fuente del sistema de clasificación o colocación |
Dewey Decimal Classification |
| Tipo de ítem Koha |
Libro |